000
00319nam a2200133Ia 4500
005
20260326100037.0
008
260326s9999||||xx |||||||||||||| ||und||
100
_a
Taine, Hipólito A.
245
0
_a
Filosofía del Arte /
_c
Hipólito A. Taine
260
_b
El Ateneo
300
_a
300 p.
650
_a
ARTE
942
_c
BK
999
_c
6862
_d
6862